| 000 | 00593mam a2200193 a 4500 | ||
|---|---|---|---|
| 003 | NUST | ||
| 020 | _a1292057718 | ||
| 038 | _aSNS Library Staff | ||
| 082 |
_a540 _bBRO |
||
| 100 | 1 |
_aBrown, Theodore L. _931539 |
|
| 245 | 1 | 0 | _aChemistry, the central science, thirteenth edition : |
| 250 | _a13th ed. | ||
| 260 |
_aBoston _bPearson Education _cc2015. |
||
| 300 |
_a1 volume (various pagings) : 29 cm _bcolor ill. ; |
||
| 440 |
_a Chemistry, the central science, thirteenth edition _931540 |
||
| 650 | 0 | _aChemistry. | |
| 700 | 1 |
_aLeMay, H. Eugene _931541 |
|
| 942 |
_cBK _2ddc _e13th _k540 BRO |
||
| 999 |
_c30411 _d30411 |
||